000 01241nam a22003617a 4500
003 CHAP
005 20220817044411.0
008 101125s2009 it b rn 00010 eng d
010 _a99945
011 _a100917
035 _a111603
040 _cCHAP
082 0 4 _a639.2
_bF3y v.532
110 2 _aFAO
245 1 0 _aGeographic information systems to support the ecosystem approach to fisheries :
_bstatus, opportunities and challenges
_c/por Fabio Carocci ...[et al.]
260 _aRome :
_bFAO,
_c2009
300 _axiv,101 p. :
_bdiagramas, mapas
490 0 _aDocumento técnico de pesca
_v; 532
590 _aBATCH-UPD
_b10
_c20130110
_lUCH01
_h1056
590 _aBATCH-UPD
_b10
_c20130410
_lUCH01
_h0651
590 _aBATCH-UPD
_b10
_c20130914
_lUCH01
_h0851
590 _aCONVERSION
_b10
_c20130109
_lUCH01
_h1355
650 1 4 _aEcosistema.
_935290
650 1 4 _aGeografía.
_947540
650 1 4 _aPesca.
650 1 4 _aRecursos naturales
_xAdministración.
_995175
650 1 4 _aSistemas de información.
_9106760
700 1 _aCarocci, Fabio
_919260
830 0 0 _aDocumento técnico de pesca
_v; 532
_933242
901 _aBK
942 _cLIBRO
949 _a639.2 F3y v.532
_bBC
_cFAO
_d33724002226223
_eFAO1
_gDonaciØn
_h113828
_i111603
_sb
999 _c99945
_d99945